000 00559nam a2200229Ia 4500
003 OSt
005 20221005121900.0
006 a|||||r|||| 00| 0
007 ta
008 221004b |||||||| |||| 00| 0 eng d
024 _a67984
037 _cTextual
040 _aCRL
_cCRL
_beng
041 _2eng
_aeng
082 _aX:724e, J6
100 _aMehta V.G.
245 0 _aIncome tax super tax ready reckoner 1956-57
260 _c1956
650 _aECONOMICS
942 _hX:724e, J6
_cTEXL
_2cc
999 _c1042564
_d1042564